000 00846nac a22002651i 4500
003 EG-ScBUE
005 20240930103931.0
008 240930t1988 nyua f 001 0 eng d
020 _a0471093335
040 _aEG-ScBUE
_beng
_erda
_cEG-ScBUE
_dEG-ScBUE
082 0 4 _a515
_bBOY
_222
100 1 _aBoyce, William E.,
_eauthor.
245 1 0 _aCalculus /
_cWilliam E. Boyce, Richard C. DiPrima, Rensselaer Polytechnic Institute.
264 1 _aNew York :
_bJohn Wiley & Sons,
_c[1988]
264 4 _cc1988
300 _axvii, 1055, 56, 13 pages :
_billustrations ;
_c24 cm
336 _2rdacontent
_atext
_btxt
337 _aunmediated
_2rdamedia
_bn
338 _avolume
_bnc
_2rdacarrier
500 _aIncludes index.
650 7 _aCalculus.
_2BUEsh
655 _vReading book
700 1 _aDiPrima, Richard C.,
_eauthor.
942 _cBB
_2ddc
999 _c151
_d151